| 000 | 00000nam##2200000za#4500 |
| 001 | 9.667451 |
| 003 | CaOODSP |
| 005 | 20210615123532 |
| 007 | ta |
| 008 | 150407|2006||||xxc||||| f|0| 0 eng|d |
| 020 | |a0-662-49084-3 |
| 040 | |aCaOODSP|beng |
| 041 | |aeng |
| 041 | |afre |
| 043 | |an-cn--- |
| 086 | 1 |aCH24-14/2006 |
| 110 | 1 |aCanada.|bCanadian Heritage. |bSport Canada. |
| 245 | 10|aPolicy on sport for persons with a disability |
| 260 | |bCanadian Heritage. |cJune 2006. |
| 300 | |aEnglish text, 17p. : |bfig., glossary, references ; |c28 cm. |
| 520 | 3 |aThis policy framework outlines how various partners and stakeholders in Canada’s sport and fitness community can reduce and ultimately eliminate sport-specific barriers preventing persons with a disability from participating in sport. The document contains a vision statement, objectives, and strategies, as well as an explanation of the environmental, structural, systemic, social, and personal barriers that keep disabled persons from being full participants in Canadian society. Includes a glossary. |
| 563 | |aSoftcover |
| 590 | |a07-08|b2007-02-23 |
| 690 | 07|aPersons with disabilities|2gcpds |
| 690 | 07|aSports|2gcpds |
| 776 | 0#|tLa politique sur le sport pour les personnes ayant un handicap |w(CaOODSP)9.632669 |
| 776 | 0#|tPolicy on sport for persons with a disability |w(CaOODSP)9.688237 |
| 792 | |tLa politique sur le sport pour les personnes ayant un handicap |efre|w(CaOODSP)9.667452 |